Hodnotenie ekonomického vývoja Slovenska v rokoch 1993-2008 bakalárska práca

Salvato in:
Dettagli Bibliografici
Autore principale: Barancová, Alexandra
Ente Autore: Národohospodárska fakulta EU. Katedra hospodárskej politiky
Altri autori: Blašková, Mária
Natura: Libro
Lingua:slovacco
Pubblicazione: Bratislava 2011
Tags: Aggiungi Tag
Nessun Tag, puoi essere il primo ad aggiungerne!!

MARC

LEADER 00000nbm a2200000 4500
001 0139839
005 20161109111649.7
041 0 |a slo 
044 |a SK 
245 1 0 |a Hodnotenie ekonomického vývoja Slovenska v rokoch 1993-2008  |b bakalárska práca  |c Alexandra Barancová ; školiteľ: Mária Blašková 
264 1 |a Bratislava  |c 2011 
300 |a 51 s. 
100 1 |a Barancová, Alexandra 
700 1 |a Blašková, Mária 
710 2 |a Národohospodárska fakulta EU. Katedra hospodárskej politiky